[Event "SVK-chT"]
[Site "Slovakia"]
[Date "1994.??.??"]
[Round "12"]
[White "Ac, Michal"]
[Black "Shalakhova, G."]
[Result "1-0"]
[WhiteElo "2225"]
[BlackElo "2170"]
[PlyCount "79"]
[EventDate "1994.??.??"]
[EventType "team"]
[EventRounds "13"]
[EventCountry "SVK"]
[SourceTitle "TD"]
[Source "ChessBase"]
[SourceDate "1994.03.01"]
[SourceVersion "1"]
[SourceVersionDate "1994.03.01"]
[SourceQuality "1"]

1. d4 d5 2. c4 dxc4 3. Nf3 Nf6 4. e3 a6 5. Bxc4 e6 6. 0-0 c5 7. Qe2 b5 8. Bb3 Bb7 9. a4 Nbd7 10. Rd1 Be7 11. dxc5 Bxc5 12. Ne5 Qb6 13. Nxd7 Nxd7 14. Nc3 b4 15. a5 Qc6 16. f3 Qc7 17. Ba4 Bc6 18. Bxc6 Qxc6 19. Ne4 Be7 20. Rd4 0-0 21. Bd2 b3 22. Rc1 Qb7 23. Nd6 Bxd6 24. Rxd6 Nf6 25. Rb6 Qd5 26. e4 Qe5 27. Rxb3 Rfd8 28. Rc6 Qd4+ 29. Be3 Qa4 30. Rbc3 Rd1+ 31. Kf2 Rdd8 32. Rxa6 Rxa6 33. Qxa6 Qa1 34. Qb6 Qd1 35. a6 Ra8 36. a7 Qd7 37. Qb8+ Qe8 38. Qb7 Nd7 39. Bf4 e5 40. Be3 1-0